IRLANDA, Irã; Início da II GM; Primavera de Praga; O mundo em guerra; Guerra Fria (Record no. 142489)
[ view plain ]
| 000 -LÍDER | |
|---|---|
| campo de controle de tamanho fixo | 00340 a2200121 4500 |
| 001 - NÚMERO DE CONTROLE | |
| campo de controle | 142489 |
| 040 ## - FONTE DA CATALOGAÇÃO | |
| Instituição que transcreveu o registro | Leonardo Da Vinci |
| 041 ## - CÓDIGO DE IDIOMA | |
| Código do idioma do texto/trilha sonora ou título diferente | Português |
| 082 ## - CDD - CLASSIFICAÇÃO DECIMAL DE DEWEY | |
| Número de Classificação | v227 |
| 245 ## - TÍTULO | |
| Título | IRLANDA, Irã; Início da II GM; Primavera de Praga; O mundo em<br/>guerra; Guerra Fria |
| 697 ## - ENTRADA DE ASSUNTO LOCAL--ENTIDADE COLETIVA (RLIN) | |
| Nome corporativo ou nome da jurisdição | Irlanda |
| -- | Irã |
| -- | Praga |
| -- | Guerra Fria |
| -- | Stalingrado |
| 942 ## - ELEMENTOS DE ENTRADA ADICIONADOS (KOHA) | |
| Tipo de material Koha | Materiais visuais |
| Situação do descarte | Situação das perdas | Situação física | Não pode ser emprestado | Biblioteca de origem | Biblioteca atual | Data de aquisição | Total de empréstimos | Número de chamada completo | Código de barras | Data de último acesso | Data do preço efetivo | Tipo de material Koha |
|---|---|---|---|---|---|---|---|---|---|---|---|---|
| Leonardo Da Vinci - Alphaville 1 | Leonardo Da Vinci - Alphaville 1 | 27/03/2024 | v227 | A0153LVA | 27/03/2024 | 27/03/2024 | Materiais visuais |